000 00532nam a2200193 a 4500
001 23842
003 CO-ViMGA
008 141112s2004 ck r 000 u spa d
020 _a9789876271004
040 _aCO-ViMGA
_bspa
_cCO-ViMGA
082 0 4 _aI 567.91 B175g
100 1 _aBatic, Leonardo
_934539
245 1 0 _aEl gran libro de los dinosaurios /
_cLeonardo Batic
260 _aArgentina :
_bediciones B grupo zeta
300 _a64P.
650 1 4 _a2 : REPTILES FOSILES
_934540
650 1 4 _aDINOSAURIOS
_94600
942 _2ddc
_cBK
999 _c31921
_d31921